A vision of Yemen : the travels of a European Orientalist and his native guide : a translation of Hayyim Habshush's travelogue /

Bibliographic Details
Main Author: Ḥabshush, Ḥayyim, 1839-1899 (Author)
Other Authors: Verskin, Alan (Translator)
Format: Book
Language:English
Language Notes:Translated from the Judeo-Arabic and the Hebrew.
Published: Stanford, California : Stanford University Press, [2018]
Subjects:

MARC

Tag First Indicator Second Indicator Subfields
LEADER 00000cam a2200000 i 4500
001 in00004017639
005 20190422104916.0
008 180405t20182018cauab b 001 0 eng c
010 |a  2018016759 
020 |a 9781503607736  |q paperback  |q alkaline paper 
020 |a 1503607739  |q paperback  |q alkaline paper 
020 |a 9781503607033  |q hardcover  |q alkaline paper 
020 |a 1503607038  |q hardcover  |q alkaline paper 
020 |z 9781503607743  |q electronic book 
035 |a (OCoLC)on1032288500 
040 |a DLC  |e rda  |c DLC  |d UtOrBLW 
041 1 |a eng  |h jrb  |h heb 
043 |a a-ye--- 
049 |a TXAM 
050 0 0 |a DS247.Y42  |b H313 2018 
082 0 0 |a 953.3/04  |2 23 
100 1 |a Ḥabshush, Ḥayyim,  |d 1839-1899,  |e author.  |0 http://id.loc.gov/authorities/names/no2018044518 
240 1 0 |a Ruʼyā al-Yaman.  |l English 
245 1 2 |a A vision of Yemen :  |b the travels of a European Orientalist and his native guide : a translation of Hayyim Habshush's travelogue /  |c Alan Verskin. 
264 1 |a Stanford, California :  |b Stanford University Press,  |c [2018] 
264 4 |c ©2018 
300 |a xiii, 254 pages :  |b illustrations, maps ;  |c 24 cm. 
336 |a text  |b txt  |2 rdacontent 
337 |a unmediated  |b n  |2 rdamedia 
338 |a volume  |b nc  |2 rdacarrier 
546 |a Translated from the Judeo-Arabic and the Hebrew. 
504 |a Includes bibliographical references and index. 
505 0 |a Introduction : Ḥayyim Ḥabshūsh and the European explorers -- The people and politics of Yemen -- A note on the text and translation -- A vision of Yemen by Ḥayyim Ḥabshūsh -- Arrival in Yemen -- Excavations in Ghaymān -- Jews, Muslims and foreigners in Ṣanʻāʼ -- Strangers among the tribes -- Clients and patrons -- Death and ruins -- Jews bearing arms -- An ordeal in the desert -- The honor code of the Najrānī Jews -- Persecution -- The Bedouin -- The city of Mārib and return to Ṣanʻā.ʼ 
600 1 0 |a Ḥabshush, Ḥayyim,  |d 1839-1899  |x Travel  |z Yemen (Republic) 
600 1 0 |a Halévy, J.  |q (Joseph),  |d 1827-1917  |x Travel  |z Yemen (Republic) 
650 0 |a Jews  |x Travel  |z Yemen (Republic) 
650 0 |a Jews  |z Yemen (Republic)  |x Social life and customs. 
651 0 |a Yemen (Republic)  |x Description and travel.  |0 http://id.loc.gov/authorities/subjects/sh90004994 
651 0 |a Yemen (Republic)  |x Social life and customs. 
651 0 |a Yemen (Republic)  |x Ethnic relations. 
650 0 |a Jewish-Arab relations.  |0 http://id.loc.gov/authorities/subjects/sh85070242 
700 1 |a Verskin, Alan,  |e translator,  |e writer of introduction.  |0 http://id.loc.gov/authorities/names/no2010130813 
945 |b 867512 
947 |a A14850570384 
948 |a cataloged  |b h  |c 2019/2/1  |d c  |e dmitchel  |f 4:30:20 pm 
994 |a C0  |b TXA 
999 f f |s e85a75c8-b48d-3413-b2e8-d723e89efa98  |i 04db90e1-f084-31b4-9a79-a24d83a3a6c5  |t 0 
952 f f |p normal  |a Texas A&M University  |b College Station  |c Sterling C. Evans Library  |d Evans: Library Stacks  |t 0  |e DS247.Y42 H313 2018  |h Library of Congress classification  |i unmediated -- volume  |m A14850570384 
998 f f |a DS247.Y42 H313 2018  |t 0  |l Evans: Library Stacks